| 000 | 00457nam a22001577a 4500 | ||
|---|---|---|---|
| 003 | OSt | ||
| 005 | 20151208143253.0 | ||
| 008 | 151205b xxu||||| |||| 00| 0 eng d | ||
| 040 | _cRUA | ||
| 082 | _aFIS ENG 2003 B187 Or.1 | ||
| 100 |
_94350 _aENG, TONG. |
||
| 245 | _aSeed production of Leptobarbus hoeveni, ការផលិតពូជត្រីព្រលូង | ||
| 260 |
_aPhnom Penh _bRUA _c2003 |
||
| 300 |
_a43p. _bill. _c29cm. |
||
| 942 |
_2ddc _cFIS |
||
| 999 |
_c4060 _d4060 |
||